Southville International School and Colleges
Your cart is empty.
  • Cart
  • Lists
    Public lists Eva Luna New books Lux_list list_1
    Your lists Log in to create your own lists
  • Log in to your account
  • Your cookies
  • Search history
Southville International School and Colleges
  • Advanced search
  • Recent comments
  • Most popular
  • Libraries

Log in to your account

Log in with GOOGLE


If you do not have an external account, but do have a local account, you can still log in:

  1. Home
  2. MARC view: Environmental economics & management :
Normal view MARC view ISBD view

Environmental economics & management : (Record no. 48646)

[ view plain ]
MARC details
000 -LEADER
fixed length control field 00754nam a2200217Ia 4500
008 - FIXED-LENGTH DATA ELEMENTS--GENERAL INFORMATION
fixed length control field 140321s9999 xx 000 0 und d
020 ## - INTERNATIONAL STANDARD BOOK NUMBER
International Standard Book Number 9781133584728
050 ## - LIBRARY OF CONGRESS CALL NUMBER
Classification number HC 79.E5
Item number .C355 2013
100 ## - MAIN ENTRY--PERSONAL NAME
Personal name Callan, Scott J.
245 ## - TITLE STATEMENT
Title Environmental economics & management :
Remainder of title theory, policy, and applications /
Statement of responsibility, etc Scott J. Callan and Janet M. Thomas.
250 ## - EDITION STATEMENT
Edition statement 6th ed.
260 ## - PUBLICATION, DISTRIBUTION, ETC. (IMPRINT)
Place of publication, distribution, etc Ohio :
Name of publisher, distributor, etc South-Western Cengage Learning,
Date of publication, distribution, etc c2013.
300 ## - PHYSICAL DESCRIPTION
Extent 588 p. :
Other physical details ill. ;
Dimensions 26 cm.
500 ## - GENERAL NOTE
General note Includes bibliographical references and index.
521 ## - TARGET AUDIENCE NOTE
Target audience note
650 ## - SUBJECT ADDED ENTRY--TOPICAL TERM
Topical term or geographic name as entry element Environmental economics
General subdivision Case studies.
650 ## - SUBJECT ADDED ENTRY--TOPICAL TERM
Topical term or geographic name as entry element Environmental economics.
650 ## - SUBJECT ADDED ENTRY--TOPICAL TERM
Topical term or geographic name as entry element Industrial management
General subdivision Environmental aspects.
942 ## - ADDED ENTRY ELEMENTS (KOHA)
Call number prefix Foreign
Koha item type Books
Holdings
Withdrawn status Lost status Damaged status Home library Current library Shelving location Date acquired Total Checkouts Total Renewals Full call number Barcode Date last seen Date checked out Price effective from Koha item type
      College Library College Library Reserve Section 03/21/2014 2 33 HC 79.E5 .C355 2013 C17929 05/31/2017 10/15/2016 03/21/2014 Books

Environmental economics & management :

APA

Callan S. J., . (2013). Environmental economics & management. Ohio: South-Western Cengage Learning.

Chicago

Callan Scott J, . 2013. Environmental economics & management. Ohio: South-Western Cengage Learning.

Harvard

Callan S. J., . (2013). Environmental economics & management. Ohio: South-Western Cengage Learning.

MLA

Callan Scott J, . Environmental economics & management. Ohio: South-Western Cengage Learning. 2013.

  • Place hold
  • Print
  • Cite
  • Add to your cart (remove)
  • Save record
    BIBTEX Dublin Core MARCXML MARC (non-Unicode/MARC-8) MARC (Unicode/UTF-8) MARC (Unicode/UTF-8, Standard) MODS (XML) RIS
  • More searches
    Search for this title in:
    Other Libraries (WorldCat) Other Databases (Google Scholar) Online Stores (Bookfinder.com) Open Library (openlibrary.org)

Exporting to Dublin Core...

SOUTHVILLE LIBRARY

Southville International School and Colleges Library

1281 Tropical Ave. Cor. Luxembourg St., BF Homes International, Las Pinas City

Tel. No. 8256374 / 252358 Loc. 117/146

Powered by Koha